|
|
|
|
| LEADER |
02289cas a2200337 a 4500 |
| 001 |
AALejournalIMF022367 |
| 008 |
230101c9999 xx r poo 0 0eng d |
| 020 |
|
|
|c 5.00 USD
|
| 020 |
|
|
|z 9781513591803
|
| 022 |
|
|
|a 1018-5941
|
| 040 |
|
|
|a BD-DhAAL
|c BD-DhAAL
|
| 100 |
1 |
|
|a Ahnert, Toni.
|
| 245 |
1 |
0 |
|a Does IT Help? :
|b Information Technology in Banking and Entrepreneurship /
|c Toni Ahnert, Sebastian Doerr, Nicola Pierri, Yannick Timmer.
|
| 264 |
|
1 |
|a Washington, D.C. :
|b International Monetary Fund,
|c 2021.
|
| 300 |
|
|
|a 1 online resource (57 pages)
|
| 490 |
1 |
|
|a IMF Working Papers
|
| 500 |
|
|
|a <strong>Off-Campus Access:</strong> No User ID or Password Required
|
| 500 |
|
|
|a <strong>On-Campus Access:</strong> No User ID or Password Required
|
| 506 |
|
|
|a Electronic access restricted to authorized BRAC University faculty, staff and students
|
| 520 |
3 |
|
|a This paper analyzes the importance of information technology (IT) in banking for entrepreneurship. To guide our empirical analysis, we build a parsimonious model of bank screening and lending that predicts that IT in banking can spur entrepreneurship by making it easier for startups to borrow against collateral. We provide empirical evidence that job creation by young firms is stronger in US counties that are more exposed to ITintensive banks. Consistent with a strengthened collateral lending channel for IT banks, entrepreneurship increases more in IT-exposed counties when house prices rise. In line with the model's implications, IT in banking increases startup activity without diminishing startup quality and it also weakens the importance of geographical distance between borrowers and lenders. These results suggest that banks' IT adoption can increase dynamism and productivity.
|
| 538 |
|
|
|a Mode of access: Internet
|
| 650 |
|
7 |
|a Banks
|2 imf
|
| 650 |
|
7 |
|a Depository Institutions
|2 imf
|
| 650 |
|
7 |
|a Information and Market Efficiency
|2 imf
|
| 650 |
|
7 |
|a Micro Finance Institutions
|2 imf
|
| 650 |
|
7 |
|a Mortgages
|2 imf
|
| 700 |
1 |
|
|a Doerr, Sebastian.
|
| 700 |
1 |
|
|a Pierri, Nicola.
|
| 700 |
1 |
|
|a Timmer, Yannick.
|
| 830 |
|
0 |
|a IMF Working Papers; Working Paper ;
|v No. 2021/214
|
| 856 |
4 |
0 |
|z Full text available on IMF
|u http://elibrary.imf.org/view/journals/001/2021/214/001.2021.issue-214-en.xml
|z IMF e-Library
|